Ruskalkarim Tr By K C K (Record no. 16261)

MARC details
000 -LEADER
fixed length control field 00506nam a2200181Ia 4500
003 - CONTROL NUMBER IDENTIFIER
control field OSt
005 - DATE AND TIME OF LATEST TRANSACTION
control field 20220331091057.0
008 - FIXED-LENGTH DATA ELEMENTS--GENERAL INFORMATION
fixed length control field 211109s9999||||xx |||||||||||||| ||und||
040 ## - CATALOGING SOURCE
Transcribing agency sbcl
082 ## - DEWEY DECIMAL CLASSIFICATION NUMBER
Classification number 894.8124
Item number ASL-R
100 ## - MAIN ENTRY--PERSONAL NAME
Personal name Aslamsahib [m],
245 #0 - TITLE STATEMENT
Title Ruskalkarim Tr By K C K
260 ## - PUBLICATION, DISTRIBUTION, ETC.
Name of publisher, distributor, etc. P K B
Place of publication, distribution, etc. Calicut
Date of publication, distribution, etc. 1961
300 ## - PHYSICAL DESCRIPTION
Extent 278p.
630 ## - SUBJECT ADDED ENTRY--UNIFORM TITLE
General subdivision General Stack
650 ## - SUBJECT ADDED ENTRY--TOPICAL TERM
Topical term or geographic name entry element Literature & rhetoric
942 ## - ADDED ENTRY ELEMENTS (KOHA)
Koha item type BOOK
650 ## - SUBJECT ADDED ENTRY--TOPICAL TERM
Form subdivision Literatures of other languagesMalayalam literatureMalayalam Poetry
General subdivision Generalia
Holdings
Withdrawn status Lost status Source of classification or shelving scheme Damaged status Not for loan Home library Current library Date acquired Cost, normal purchase price Full call number Barcode Shelving location Date last seen Price effective from Koha item type
    Dewey Decimal Classification     SB LIBRARY SB LIBRARY 09/11/2021 100.00 894.8124 ASL-R 00016888 GENERAL STACK 09/11/2021 09/11/2021 BOOK

Powered by Koha